| 000 | 00497 a2200133 4500 | ||
|---|---|---|---|
| 003 | Nust | ||
| 005 | 20170207171823.0 | ||
| 040 | _cNust | ||
| 082 | _a799 | ||
| 245 |
_a63-LEc On Dev of Crictical Thinking Skills amoung Students by Prof Norman Reid & Meet with Comdt,Photographs-2016 _cMCS |
||
| 260 |
_aRawalpindi _bMCS _c04-04-2016 |
||
| 650 | _a63-LEc On Dev of Crictical Thinking Skills amoung Students by Prof Norman Reid & Meet with Comdt,Photographs-2016 DVD No 26 (Vol-III) | ||
| 651 | _aSweet Memories-MCS | ||
| 942 | _cBK | ||
| 999 |
_c218986 _d218986 |
||